Annotated bibliography of the geology of Tennessee through December 1950. (Record no. 28869)

MARC details
000 -LEADER
fixed length control field 00669cam a22002171 4500
001 - CONTROL NUMBER
control field gs 54000219
003 - CONTROL NUMBER IDENTIFIER
control field DLC
005 - DATE AND TIME OF LATEST TRANSACTION
control field 20260227111401.0
008 - FIXED-LENGTH DATA ELEMENTS--GENERAL INFORMATION
fixed length control field 770715s1953 tnu s001 0 eng
010 ## - LIBRARY OF CONGRESS CONTROL NUMBER
LC control number gs 54000219
035 ## - SYSTEM CONTROL NUMBER
System control number (OCoLC)3118814
040 ## - CATALOGING SOURCE
Original cataloging agency DLC
Transcribing agency MsSM
Modifying agency OCoLC
-- DLC
042 ## - AUTHENTICATION CODE
Authentication code premarc
050 00 - LIBRARY OF CONGRESS CALL NUMBER
Classification number QE165
Item number .A2 no. 59
100 1# - MAIN ENTRY--PERSONAL NAME
Personal name Wilson, Charles William,
Dates associated with a name 1905-
245 10 - TITLE STATEMENT
Title Annotated bibliography of the geology of Tennessee through December 1950.
260 ## - PUBLICATION, DISTRIBUTION, ETC.
Place of publication, distribution, etc. Nashville,
Date of publication, distribution, etc. 1953.
300 ## - PHYSICAL DESCRIPTION
Extent x, 308 p.
Other physical details fold. map.
Dimensions 23 cm.
410 10 - SERIES STATEMENT/ADDED ENTRY--CORPORATE NAME [OBSOLETE, CAN/MARC], [LOCAL, USA]
Corporate name or jurisdiction name as entry element Tennessee.
Subordinate unit Division of Geology.
Title of a work Bulletin.
Volume number/sequential designation no. 59
650 #0 - SUBJECT ADDED ENTRY--TOPICAL TERM
Topical term or geographic name entry element Geology
Geographic subdivision Tennessee
General subdivision Bibliography

No items available.

Powered by Koha